[Event "Novi Sad ol (Men)"]
[Site "Novi Sad"]
[Date "1990.??.??"]
[Round "11"]
[White "Low Pe Yeow"]
[Black "Grivas, Efstratios"]
[Result "0-1"]
[WhiteElo "2205"]
[BlackElo "2435"]

1.d4 Nf6 2.Nf3 g6 3.c4 Bg7 4.Nc3 O-O 5.e4 d6 6.Be2 e5 7.O-O Nc6 8.d5 Ne7
9.Ne1 Nd7 10.Nd3 f5 11.Bd2 Rf7 12.f3 f4 13.Qc2 g5 14.Rac1 Ng6 15.c5 Bf8 16.cxd6 Bxd6
17.Nb5 Nf6 18.Nc5 Nf8 19.h3 h5 20.Qd3 a6 21.Nxd6 cxd6 22.Nb3 g4 23.fxg4 hxg4
24.hxg4 Bxg4 25.Ba5 b6 26.Be1 Rh7 27.Bf3 Raa7 28.Kf2 Bxf3 29.Qxf3 Rag7 30.Ke2 Rh2
31.Bf2 N8h7 32.Rh1 Rxh1 33.Rxh1 Ng5 34.Qd3 Ngxe4 35.Qh3 Qd7 36.Qxd7 Rxd7
37.Rd1 Rc7  0-1

[Event "Novi Sad ol (Men)"]
[Site "Novi Sad"]
[Date "1990.??.??"]
[Round "12"]
[White "Kozul, Zdenko"]
[Black "Wahls, Matthias"]
[Result "0-1"]
[WhiteElo "2560"]
[BlackElo "2525"]

1.d4 Nf6 2.c4 g6 3.Nc3 Bg7 4.e4 d6 5.Nf3 O-O 6.Be2 e5 7.O-O Nc6 8.d5 Ne7
9.Ne1 Nd7 10.Be3 f5 11.f3 Rf7 12.Rc1 f4 13.Bf2 g5 14.c5 Nxc5 15.Bxc5 dxc5
16.Bc4 Kf8 17.d6 cxd6 18.Bxf7 Kxf7 19.Nb5 Ke6 20.Qb3+ Kf6 21.Rd1 Be6 22.Qc3 Nc8
23.Nd3 c4 24.Nf2 a6 25.Qa3 Bf8 26.Nc3 b5 27.Kh1 Kf7 28.b4 Ne7 29.Qb2 Nc6
30.a4 bxa4 31.Ra1 h5 32.Rxa4 g4 33.b5 axb5 34.Rxa8 Qxa8 35.Ra1 Qb8 36.Qxb5 Qxb5
37.Nxb5 Nd4 38.Nc7 gxf3 39.gxf3 Nxf3 40.Rc1 Bg4 41.Rxc4 Nd2 42.Ra4 Be7 43.Kg1 Bh4
44.Nb5 Ke6 45.h3 Be2 46.Nc3 Nf3+ 47.Kg2 Ne1+ 48.Kg1 f3 49.Ra7 Nd3 50.Ncd1 Bd8
51.Rb7 Nc5 52.Rb1 Bg5 53.Kh2 Bf4+ 54.Kg1 Bg3 55.Nc3 Kf6 56.Rb8 Ke6 57.Rg8 h4
58.Rf8 Ke7 59.Rh8 Kd7 60.Rh7+ Kc6 61.Rf7 Kb6 62.Rf6 Kc6 63.Rf7 Ne6 64.Nd5 Kc5
65.Nf6 Nf4 66.N6g4 Bc4 67.Rf6 Ne2+ 68.Kh1 Nf4 69.Kg1 Be6 70.Ne3 Bxh3 71.Nxh3 Nxh3+
72.Kh1 Ng5 73.Ng4 Kd4 74.Rxd6+ Kxe4 75.Rf6 Nh3 76.Ra6 Kf4 77.Nf6 Nf2+ 78.Kg1 e4
79.Nd5+ Ke5 80.Ne3 Nd3 81.Ra5+ Kd4 82.Nf5+ Kc3 83.Ra3+ Kc4 84.Ra8 Nf2 85.Rg8 Kd3
86.Rd8+ Ke2 87.Nd4+ Ke3 88.Nc2+ Kf4 89.Rf8+ Kg5 90.Rg8+ Kf6 91.Ne3 Nd3 92.Kf1 Nf2
93.Rf8+ Kg5 94.Kg1 Nh3+ 95.Kf1 Bf2 96.Rg8+ Kf4 97.Rf8+ Kg5 98.Rg8+ Kh5 99.Rh8+ Kg6
100.Ng4 Bg3 101.Rg8+ Kf7 102.Nh6+ Kf6 103.Ng4+ Kf5 104.Ne3+ Kf4 105.Rg4+ Ke5
106.Rg8 Ng5 107.Rf8 Ne6 108.Ng4+ Kd4 109.Re8 Nc7 110.Rd8+ Nd5 111.Kg1 h3
112.Nf6 e3 113.Nxd5 e2 114.Nf4+ Ke4 115.Nd3 e1=Q+  0-1

[Event "Novi Sad ol (Men)"]
[Site "Novi Sad"]
[Date "1990.??.??"]
[Round "12"]
[White "Taylor, Gordon"]
[Black "Smith, Robert W"]
[Result "1/2-1/2"]
[WhiteElo "2340"]
[BlackElo "2230"]

1.d4 Nf6 2.c4 g6 3.Nc3 Bg7 4.e4 d6 5.Be2 O-O 6.Nf3 e5 7.O-O Nc6 8.d5 Ne7
9.Ne1 c5 10.Nd3 Ne8 11.a3 f5 12.f3 Nf6 13.b4 b6 14.a4 Kh8 15.a5 Rb8 16.axb6 axb6
17.bxc5 bxc5 18.Qa4 Neg8 19.Nf2 Bh6 20.Bxh6 Nxh6 21.Rfb1 Rxb1+ 22.Rxb1 fxe4
23.Ncxe4 Nxe4 24.Nxe4 Bf5 25.Rb7 Bxe4 26.Qa7 Rf7 27.Rxf7 Nxf7 28.Qxf7 Bc2
29.g3 g5 30.Kf2  1/2-1/2

[Event "Novi Sad ol (Men)"]
[Site "Novi Sad"]
[Date "1990.??.??"]
[Round "13"]
[White "Lobron, Eric"]
[Black "Renet, Olivier"]
[Result "1-0"]
[WhiteElo "2535"]
[BlackElo "2495"]

1.Nf3 Nf6 2.c4 g6 3.Nc3 Bg7 4.e4 d6 5.d4 O-O 6.Be2 e5 7.O-O Nc6 8.d5 Ne7
9.Ne1 Nd7 10.Nd3 f5 11.Bd2 Nf6 12.f3 f4 13.g4 g5 14.Rc1 h5 15.h3 Rf7 16.Be1 Bf8
17.c5 Ng6 18.cxd6 cxd6 19.Qb3 Rh7 20.Kg2 a6 21.a4 Bd7 22.Bf2 Rc8 23.Rh1 Qe8
24.Qb6 Rg7 25.b3 Nh4+ 26.Bxh4 gxh4 27.Nf2 Nh7 28.Nb1 Ng5 29.Nd2 hxg4 30.hxg4 h3+
31.Nxh3 Nxh3 32.Kxh3 Qh5+ 33.Kg2 Bxg4 34.fxg4 Rxg4+ 35.Bxg4 Qxg4+ 36.Kf2 Rxc1
37.Rxc1 Be7 38.Rg1 Bh4+ 39.Kf1 Bg3 40.Rxg3 fxg3 41.Qe3 Qh3+ 42.Ke2 Qh2+ 43.Kd3 g2
44.Nf3 Qg3 45.Ng1 Qg4 46.Kd2 Kg7 47.Ke1 Kg6 48.Kf2 Kh5 49.a5  1-0

[Event "Novi Sad ol (Men)"]
[Site "Novi Sad"]
[Date "1990.??.??"]
[Round "13"]
[White "Rahman, T."]
[Black "Wong Meng Kong"]
[Result "0-1"]
[WhiteElo "2310"]
[BlackElo "2385"]

1.d4 Nf6 2.c4 g6 3.Nc3 Bg7 4.e4 d6 5.Be2 O-O 6.Nf3 e5 7.O-O Nc6 8.d5 Ne7
9.Ne1 Nd7 10.Nd3 f5 11.Bd2 Rf7 12.Rc1 Nf6 13.f3 f4 14.c5 g5 15.cxd6 cxd6
16.Nf2 h5 17.h3 Ng6 18.Qc2 g4 19.fxg4 hxg4 20.hxg4 Ne8 21.Nh3 Bf8 22.Be1 Rh7
23.Nb5 Bd7 24.a4 Be7 25.Qb3 a6 26.Na3 b5 27.axb5 axb5 28.Nf2 Bh4 29.Bxb5 Rb8
30.Qa4 Bxb5 31.Nxb5 Bg3 32.Nc3 Nh4 33.Qd1 Rxb2 34.Rb1 Rxf2 35.Bxf2 Nf3+ 36.gxf3 Rh1+
37.Kg2 Rh2+ 38.Kg1 Qh4  0-1

[Event "Novi Sad ol (Men)"]
[Site "Novi Sad"]
[Date "1990.??.??"]
[Round "14"]
[White "Skembris, Spyridon"]
[Black "Milos, Gilberto"]
[Result "0-1"]
[WhiteElo "2455"]
[BlackElo "2540"]

1.d4 Nf6 2.c4 g6 3.Nc3 Bg7 4.e4 d6 5.Be2 O-O 6.Nf3 e5 7.O-O Nc6 8.d5 Ne7
9.b4 Nh5 10.c5 Nf4 11.Bxf4 exf4 12.Rc1 h6 13.Nd2 g5 14.Nc4 a6 15.a4 Ng6 16.cxd6 cxd6
17.a5 Re8 18.Nb6 Rb8 19.Bh5 Ne5 20.h3 Qf6 21.f3 Bd7 22.Bg4 Bxg4 23.hxg4 h5
24.gxh5 g4 25.fxg4 Qg5 26.Qd2 Nxg4 27.Rf3 Ne3 28.e5 Bxe5 29.Ne4 Qg7 30.Kh1 Qh7
31.Rxf4 Qxh5+ 32.Kg1 Ng4 33.Rxg4+ Qxg4 34.Rc4 Bh2+ 35.Kxh2 Rxe4 36.Rxe4 Qxe4
37.Qg5+ Qg6 38.Qe7 Kg7 39.Kg1 Rg8 40.Qe1 Qg4 41.Qc3+ Kf8 42.Qd2 Qg5 43.Qe2 Qc1+
44.Kf2 Qf4+ 45.Kg1 Qd4+ 46.Kf1 Rg4 47.Nd7+ Kg7  0-1

[Event "Wch U26"]
[Site "Odessa"]
[Date "1990.??.??"]
[Round "3"]
[White "Neverov, Valeriy"]
[Black "Mrva, Martin"]
[Result "1-0"]
[WhiteElo "2505"]
[BlackElo "2340"]

1.d4 Nf6 2.c4 g6 3.Nc3 Bg7 4.e4 d6 5.Nf3 O-O 6.Be2 e5 7.O-O Nc6 8.d5 Ne7
9.Ne1 Nd7 10.Nd3 f5 11.Bd2 Kh8 12.Rc1 Ng8 13.exf5 gxf5 14.f4 e4 15.Nf2 c5
16.dxc6 bxc6 17.Be3 Nc5 18.Qd2 Qe7 19.Rfd1 Nb7 20.Nh1 Nf6 21.Ng3 Be6 22.Bd4 Qf7
23.Nb1 c5 24.Bc3 Rg8 25.Na3 Rad8 26.Qe1 Rd7 27.Qf2 Nd8 28.Nc2 Nc6 29.Ne3 Qg6
30.Rd2 Ne7 31.Rcd1 d5 32.Bxf6 Bxf6 33.cxd5 Bf7 34.d6 Nc6 35.Nexf5 Nd4 36.Bh5 Qxh5
37.Nxh5 Bxh5 38.Nxd4 Bxd1 39.Ne2 Ba4 40.Qxc5 Rdg7 41.g3 Bd8 42.Nc3 e3 43.Qxe3 Bc6
44.Nd5 Bxd5 45.Rxd5 Bb6 46.Rc5 Bxc5 47.Qxc5 Rd8 48.Qe5  1-0

[Event "Wch U26"]
[Site "Odessa"]
[Date "1990.??.??"]
[Round "7"]
[White "Grabowski, Andrzej"]
[Black "Mrva, Martin"]
[Result "1-0"]
[WhiteElo "2370"]
[BlackElo "2340"]

1.d4 Nf6 2.c4 g6 3.Nc3 Bg7 4.e4 d6 5.Be2 O-O 6.Nf3 e5 7.O-O Nc6 8.d5 Ne7
9.Ne1 Nd7 10.Be3 f5 11.f3 f4 12.Bf2 g5 13.b4 Nf6 14.c5 Ng6 15.Rc1 Rf7 16.a4 h5
17.cxd6 cxd6 18.a5 g4 19.Nb5 g3 20.Bxa7 Ne8 21.Kh1 Rxa7 22.Rxc8 Qxc8 23.Nxa7 Qb8
24.Nb5 gxh2 25.Nd3 Bf6 26.Qc2 Bd8 27.Rc1 Bc7 28.Bf1 Qd8 29.Qf2 Qd7 30.Nxc7 Nxc7
31.Qb6 Na8 32.Qa7 Qd8 33.Nf2 Rg7 34.Nh3 Kh7 35.Qf2 Nh4 36.b5 Rg3 37.b6 Qd7
38.Qc2 Rg8 39.Qf2 Rg3 40.Kxh2 Qd8 41.a6 Rg7 42.axb7 Rxb7 43.Ba6 Rxb6 44.Rc8 Qf6
45.Rxa8 Rb1 46.Re8 Ng6 47.Bc8 Nf8 48.Bf5+ Kh6 49.Qa7  1-0

[Event "Orange op"]
[Site "Orange"]
[Date "1990.??.??"]
[Round "4"]
[White "Visser, Eddie"]
[Black "Guadalpi, David"]
[Result "0-1"]
[WhiteElo "2340"]
[BlackElo "1920"]

1.d4 Nf6 2.c4 g6 3.Nc3 Bg7 4.e4 d6 5.Nf3 O-O 6.Be2 e5 7.O-O Nc6 8.d5 Ne7
9.Ne1 Nd7 10.Nd3 f5 11.Bd2 Nf6 12.f3 f4 13.c5 g5 14.cxd6 cxd6 15.Rc1 Ng6
16.Nb5 Rf7 17.Qc2 Ne8 18.a4 h5 19.Nf2 a6 20.Na3 Bf8 21.Nc4 g4 22.fxg4 Nh4
23.Qb3 Rg7 24.Nb6 hxg4 25.Nxa8 g3 26.hxg3 Rxg3 27.Qxg3+ fxg3 28.Ng4 Bd7 29.Nc7 Bxg4
30.Bxg4 Nxc7 31.Ba5 Qg5 32.Be6+ Nxe6 33.dxe6 Ng6 34.Rc8 Qe3+ 35.Kh1 Qh6+
36.Kg1 Qh2+  0-1

[Event "Paris-ch"]
[Site "Paris"]
[Date "1990.??.??"]
[Round "?"]
[White "Rashkovsky, Nukhim N"]
[Black "Spraggett, Kevin"]
[Result "1/2-1/2"]
[WhiteElo "2540"]
[BlackElo "2555"]

1.d4 Nf6 2.c4 g6 3.Nc3 Bg7 4.e4 d6 5.Nf3 O-O 6.Be2 e5 7.O-O Nc6 8.d5 Ne7
9.Ne1 Nd7 10.Nd3 f5 11.Bd2 Nf6 12.f3 f4 13.g4 g5 14.Be1 h5 15.h3 Ng6 16.c5 Rf7
17.Rc1 Bf8 18.Bf2 Rh7 19.cxd6 Bxd6 20.Kg2 Bd7 21.Qb3 a6 22.Qxb7 Qf8 23.Rh1 Rf7
24.Kg1 Rh7 25.Kg2 Rf7 26.Kg1 Rh7  1/2-1/2

[Event "Paris-ch"]
[Site "Paris"]
[Date "1990.??.??"]
[Round "?"]
[White "Bernard, Christophe"]
[Black "Bonnet, H."]
[Result "1-0"]
[WhiteElo "2340"]
[BlackElo "2240"]

1.d4 Nf6 2.Nf3 g6 3.c4 Bg7 4.Nc3 O-O 5.e4 d6 6.Be2 e5 7.O-O Nc6 8.d5 Ne7
9.Nd2 c6 10.Rb1 cxd5 11.cxd5 Ne8 12.Nc4 f5 13.a4 Nf6 14.f3 f4 15.Bd2 g5 16.Nb5 Ne8
17.Ba5 b6 18.Bb4 Rf6 19.a5 Qd7 20.Nba3 b5 21.Nd2 a6 22.Rc1 h5 23.Nb3 g4 24.Kh1 Ng6
25.fxg4 hxg4 26.Rxc8 Qxc8 27.Bxg4 Qd8 28.Be1 Bh6 29.Nc2 Rf8 30.Nb4 Qg5 31.Nd2 Ng7
32.Nc6 f3 33.Bxf3 Qe3 34.Nb3 Nf4 35.Bd2 Qd3 36.Nc1 Qc4 37.b3 Qc5 38.g3 Nh3
39.Nd3  1-0

[Event "World op"]
[Site "Philadelphia"]
[Date "1990.??.??"]
[Round "3"]
[White "Ginsburg, Mark"]
[Black "Wharton, William"]
[Result "0-1"]
[WhiteElo "2400"]
[BlackElo "2230"]

1.d4 Nf6 2.Nf3 g6 3.c4 Bg7 4.Nc3 O-O 5.e4 d6 6.Be2 e5 7.O-O Nc6 8.d5 Ne7
9.b4 Nh5 10.c5 f5 11.exf5 e4 12.Nd4 Nxf5 13.Nxf5 Bxf5 14.Bd2 Qh4 15.Bxh5 gxh5
16.Qe1 Rae8 17.Rc1 Bh3 18.Ne2 Qg4 19.Ng3 Bxg2 20.Kxg2 h4 21.Qe3 h6 22.cxd6 Rf3
23.Qxa7 Rd3 24.d7 Rf8 25.Qe3 Rxe3 26.fxe3 Qxd7 27.Rxf8+ Bxf8 28.Ne2 Qg4+
29.Kf2 Qf3+ 30.Ke1 Qh1+  0-1

[Event "World op"]
[Site "Philadelphia"]
[Date "1990.??.??"]
[Round "7"]
[White "Dokhoian, Yury"]
[Black "Griego, David W"]
[Result "1/2-1/2"]
[WhiteElo "2540"]
[BlackElo "2335"]

1.d4 Nf6 2.Nf3 g6 3.c4 Bg7 4.Nc3 O-O 5.e4 d6 6.Be2 e5 7.O-O Nc6 8.d5 Ne7
9.Nd2 a5 10.a3 Nd7 11.Rb1 f5 12.b4 Kh8 13.Qc2 Ng8 14.Bb2 b6 15.Rbe1 Bh6 16.exf5 gxf5
17.g3 f4 18.Bf3 Ndf6 19.Bg2 Ng4 20.Nf3 Bf5 21.Qd1 axb4 22.axb4 fxg3 23.hxg3 Qe8
24.Nh4 Qh5 25.f4 Bg7 26.Bh3 Bf6 27.fxe5 Bxh4 28.gxh4 Qxh4 29.Qf3 Nxe5 30.Rxe5 Bxh3
31.Ne4 Rxf3 32.Re8+ Rf6 33.Bxf6+ Qxf6 34.Nxf6 Rxe8 35.Nxe8 Bxf1 36.Kxf1 Ne7
37.Nxc7 Nc8 38.Kf2 Kg7 39.Kf3 Kf6 40.Kf4 h5 41.Nb5 Kg6 42.Nc3  1/2-1/2

[Event "World op"]
[Site "Philadelphia"]
[Date "1990.??.??"]
[Round "8"]
[White "Assem, Magdy"]
[Black "Small, Vernon A"]
[Result "1-0"]
[WhiteElo "2295"]
[BlackElo "2390"]

1.d4 Nf6 2.c4 g6 3.Nc3 Bg7 4.e4 d6 5.Nf3 O-O 6.Be2 e5 7.O-O Nc6 8.d5 Ne7
9.Ne1 c5 10.Nd3 Nd7 11.Rb1 f5 12.Bd2 Nf6 13.f3 f4 14.g4 fxg3 15.hxg3 b6 16.Kg2 Rf7
17.Rh1 Bf8 18.b4 Kh8 19.bxc5 bxc5 20.f4 Nd7 21.Nb5 Nb6 22.fxe5 Nxc4 23.Nxd6 Nxd6
24.exd6 Qxd6 25.Bf4 Rxf4 26.gxf4 Bg7 27.e5 Qa6 28.Nc1 c4 29.Rb4 Qa5 30.Ra4 Qb6
31.Qg1 Qb2 32.Rxa7 Bb7 33.Rxb7 Qxb7 34.Bf3 Nf5 35.Qf2 Qb4 36.d6 Rd8 37.Bg4 Qb7+
38.Bf3 Qb1 39.Re1 Qb4 40.Bg4 c3 41.Bxf5 gxf5 42.Kh2 Rg8 43.Rg1 Bh6 44.Rxg8+ Kxg8
45.Nd3 Qc4 46.d7 Qd5 47.Qg2+  1-0

[Event "World op"]
[Site "Philadelphia"]
[Date "1990.??.??"]
[Round "9"]
[White "Yermolinsky, Alex"]
[Black "Dokhoian, Yury"]
[Result "1-0"]
[WhiteElo "2535"]
[BlackElo "2540"]

1.d4 Nf6 2.Nf3 g6 3.c4 Bg7 4.Nc3 O-O 5.e4 d6 6.Be2 e5 7.O-O Nc6 8.d5 Ne7
9.Ne1 Nd7 10.Nd3 f5 11.Bd2 Nf6 12.f3 Kh8 13.Rc1 Neg8 14.c5 Rf7 15.a4 f4 16.Qc2 g5
17.cxd6 cxd6 18.Nb5 Ne8 19.Nf2 Bd7 20.Qb3 h5 21.h3 Nh6 22.Rc2 g4 23.fxg4 hxg4
24.hxg4 Bf6 25.Rc3 Rh7 26.Rh3 Bh4 27.Qb4 Qf6 28.Nd3 Qe7 29.Nxd6 Nxd6 30.Nxe5 Be8
31.Rxh4 Qxh4 32.Qxd6 Rc8 33.Bxf4 Qh1+ 34.Kf2 Qh4+ 35.Ke3 Ng8 36.Nf3  1-0

[Event "World op"]
[Site "Philadelphia"]
[Date "1990.??.??"]
[Round "9"]
[White "Malaniuk, Vladimir P"]
[Black "Griego, David W"]
[Result "1-0"]
[WhiteElo "2505"]
[BlackElo "2335"]

1.d4 Nf6 2.c4 g6 3.Nc3 Bg7 4.e4 d6 5.Be2 O-O 6.Nf3 e5 7.O-O Nc6 8.d5 Ne7
9.Ne1 Nd7 10.Nd3 f5 11.Bd2 Nf6 12.f3 Kh8 13.Rc1 c6 14.g4 b5 15.dxc6 bxc4
16.Nf2 Nxc6 17.Bxc4 Nd4 18.Kh1 Bb7 19.g5 Nh5 20.Nd5 Rc8 21.b3 Nf4 22.Nxf4 exf4
23.Bc3 Qb6 24.Qd3 Rfe8 25.Rcd1 Nxf3 26.Bxg7+ Kxg7 27.Qxf3 fxe4 28.Qxf4 Rf8
29.Qh4 Rxc4 30.bxc4 e3+ 31.Ne4 Re8 32.Qh6+ Kg8 33.Rd5 Bxd5 34.cxd5  1-0

[Event "URS-chT"]
[Site "Podolsk"]
[Date "1990.??.??"]
[Round "?"]
[White "Ambarcumjan, Armen"]
[Black "Tsarev, V."]
[Result "1-0"]
[WhiteElo "2355"]
[BlackElo "2325"]

1.d4 g6 2.c4 Nf6 3.Nc3 Bg7 4.e4 d6 5.Nf3 O-O 6.Be2 e5 7.O-O Nc6 8.d5 Ne7
9.Nd2 Ne8 10.b4 f5 11.c5 Kh8 12.f3 Ng8 13.Nc4 f4 14.Bd2 Rf7 15.a4 g5 16.a5 Bf8
17.b5 Nh6 18.b6 g4 19.fxg4 Rg7 20.h3 Nf7 21.bxc7 Qxc7 22.cxd6 Nexd6 23.Nxd6 Bxd6
24.Kh1 Qe7 25.Be1 Bd7 26.Rb1 Be8 27.Bb5 Bc5 28.Na4 Bxb5 29.Rxb5 Bd4 30.Rxf4 Nd6
31.Rb4 b5 32.axb6 axb6 33.Rxd4 exf4 34.Qe2 Qe5 35.Rb4 Rc7 36.Nb2 Ra2 37.g3 Rc1
38.Qd2 Rxb2 39.Qxc1 Rxb4 40.Bc3 Rd4 41.Qxf4  1-0

[Event "URS-chT"]
[Site "Podolsk"]
[Date "1990.??.??"]
[Round "?"]
[White "Dautov, Rustem"]
[Black "Timoshchenko, Gennadi A"]
[Result "1/2-1/2"]
[WhiteElo "2560"]
[BlackElo "2505"]

1.d4 Nf6 2.c4 g6 3.Nc3 Bg7 4.e4 d6 5.Nf3 O-O 6.Be2 e5 7.O-O Nc6 8.d5 Ne7
9.Nd2 a5 10.a3 Nd7 11.Rb1 f5 12.b4 Kh8 13.f3 Ng8 14.Qc2 b6 15.Nb5 Bh6 16.Nb3 a4
17.Bxh6 Nxh6 18.Nd2 f4 19.Rbc1 g5 20.g4 fxg3 21.hxg3 Ba6 22.Kg2 Rf6 23.Rh1 Rg6
24.Nf1 Nf6 25.g4 Nhg8 26.Ne3 Bxb5 27.cxb5 Ra7 28.Qd2 Ne7 29.Kf2 Qf8 30.Bd3 Rh6
31.Nf5 Rxh1 32.Rxh1 Nxf5 33.exf5 Qg7 34.Be4 Kg8 35.Qc3 Qd7 36.Qc4 Kg7 37.Kg3 Qe8
38.Bd3 h6 39.Be4 Qe7 40.Qc6 Qd8 41.Bd3 Qe7 42.Be4 Qd8 43.Rh2 Qe7 44.Qc1 Ra8
45.Rc2 Ra7 46.Rh2  1/2-1/2

[Event "URS-chT"]
[Site "Podolsk"]
[Date "1990.??.??"]
[Round "?"]
[White "Timoshchenko, Gennadi A"]
[Black "Vitolinsh, Alvis"]
[Result "0-1"]
[WhiteElo "2505"]
[BlackElo "2430"]

1.d4 Nf6 2.c4 g6 3.Nc3 Bg7 4.e4 d6 5.Nf3 O-O 6.Be2 e5 7.O-O Nc6 8.d5 Ne7
9.Bg5 Nh5 10.g3 f6 11.Bd2 f5 12.exf5 Bxf5 13.Nh4 Bh3 14.Ng2 Nf5 15.Bd3 Nd4
16.f3 Nf6 17.Ne4 Nxe4 18.Bxe4 Bf5 19.Bxf5 Rxf5 20.Bc3 c5 21.dxc6 bxc6 22.Qd3 Qb6
23.Kh1 Raf8 24.f4 c5 25.fxe5 dxe5 26.Ne3 Qb7+ 27.Kg1 Rxf1+ 28.Rxf1 Nf3+ 29.Kf2 e4
30.Qd5+ Qxd5 31.cxd5 Bxc3 32.bxc3 Nxh2+ 33.Ke2 Rxf1 34.Nxf1 Nxf1 35.Kxf1 Kf7
36.Ke2 Kf6 37.Ke3 Ke5 38.d6 Kxd6 39.Kxe4 h5 40.Kf4 Ke6 41.Kg5 Kf7 42.c4 Kg7
43.a4 a5 44.Kf4 Kf6 45.Ke4 g5  0-1

[Event "URS-chT"]
[Site "Podolsk"]
[Date "1990.??.??"]
[Round "?"]
[White "Utemov, Vladimir"]
[Black "Timoshenko, Georgy"]
[Result "1/2-1/2"]
[WhiteElo "2405"]
[BlackElo "2540"]

1.Nf3 Nf6 2.c4 g6 3.Nc3 Bg7 4.e4 d6 5.d4 O-O 6.Be2 e5 7.O-O Nc6 8.d5 Ne7
9.Bd2 Nh5 10.g3 f5 11.Nh4 Nf6 12.f3 c6 13.Kh1 f4 14.g4 h5 15.g5 Nh7 16.Rg1 c5
17.Rb1 b6 18.b4 Rf7 19.bxc5 dxc5 20.Qf1 Nf8 21.Bd1 Bd7 22.Ba4 Nc8 23.Bxd7 Rxd7
24.a4 Nd6 25.Nb5 Nf7 26.Qg2 Rb8 27.Bc3 Rdb7 28.Nf5 gxf5 29.exf5 a6 30.Na3 Qd7
31.f6 Ng6 32.Qc2 Kh7 33.fxg7 Kxg7 34.Rbe1 Re8 35.Nb1 Nd6 36.Nd2 Qh3 37.Qb2 Kf7
38.Qc2 Nf5 39.Ne4 Qxf3+ 40.Qg2 Qxg2+ 41.Rxg2 Kg7 42.Rb2 Rbb8 43.Reb1 Ne3
44.Rxb6 Rxb6 45.Rxb6 Nxc4 46.Rxa6 Nh4 47.Be1 Nf3 48.Bf2 Ne3 49.a5 Nxd5 50.Ra7+ Kg6
51.Ra6+ Kg7 52.Bxc5 Rb8 53.Kg2 Ne1+ 54.Kf1 Rb1 55.Ke2 f3+ 56.Kd2 Rb2+ 57.Kxe1 Re2+
58.Kf1 Rxe4 59.Rd6 Nf4 60.Kf2 Nh3+ 61.Kxf3 Nxg5+ 62.Kg2 Re2+ 63.Kf1 Ra2 64.Bb6 Nf3
65.h3 Nd2+ 66.Ke1 Nc4 67.Re6 Nxa5 68.Bc5 Nb3 69.Rxe5 Nd2 70.Rxh5 Nf3+ 71.Kf1 Nh2+
72.Kg1 Nf3+ 73.Kf1 Nh2+ 74.Kg1 Nf3+ 75.Kf1 Nh2+ 76.Kg1  1/2-1/2

[Event "URS-chT"]
[Site "Podolsk"]
[Date "1990.??.??"]
[Round "?"]
[White "Lputian, Smbat G"]
[Black "Lanka, Zigurds"]
[Result "0-1"]
[WhiteElo "2545"]
[BlackElo "2480"]

1.d4 Nf6 2.c4 g6 3.Nc3 Bg7 4.e4 d6 5.Nf3 O-O 6.Be2 e5 7.O-O Nc6 8.d5 Ne7
9.Nd2 a5 10.a3 c6 11.Rb1 b5 12.Ra1 bxc4 13.dxc6 Nxc6 14.Bxc4 Be6 15.Bxe6 fxe6
16.Nf3 Nd4 17.Nxd4 exd4 18.Qxd4 Ng4 19.Qc4 Qh4 20.h3 Nxf2 21.Qxe6+ Kh8 22.Be3 Nd3
23.Qd5 Qg3 24.Qg5 Qxg5 25.Bxg5 Rab8 26.Rxf8+ Rxf8 27.Be7 Bd4+ 28.Kh1 Rb8
29.Nd1 Be5 30.Rb1 a4 31.Kg1 h6 32.Nf2 Nxf2 33.Kxf2 Re8 34.Bxd6 Bxd6 35.Ke3 Rb8
36.Kd3 Bxa3 37.Ra1 Rb3+ 38.Kc4 Rb4+ 39.Kc5 Bxb2 40.Ra2 Bc3  0-1

[Event "URS-ch (Women)"]
[Site "Podolsk"]
[Date "1990.??.??"]
[Round "5"]
[White "Tazhieva, Lyazzat"]
[Black "Janjgava, Natia"]
[Result "1-0"]
[WhiteElo "2200"]
[BlackElo "2145"]

1.Nf3 Nf6 2.c4 g6 3.Nc3 Bg7 4.e4 d6 5.d4 O-O 6.Be2 e5 7.O-O Nc6 8.Be3 exd4
9.Nxd4 Re8 10.f3 a5 11.Qd2 a4 12.Rad1 Ne5 13.Ndb5 Bd7 14.Bg5 Bxb5 15.cxb5 b6
16.f4 Ned7 17.e5 dxe5 18.fxe5 Nxe5 19.Qxd8 Raxd8 20.Bxf6 Rxd1 21.Bxd1 Bxf6
22.Rxf6  1-0

[Event "URS-ch (Women)"]
[Site "Podolsk"]
[Date "1990.??.??"]
[Round "6"]
[White "Umanskaya, Irina"]
[Black "Arakhamia, Ketevan"]
[Result "0-1"]
[WhiteElo "2190"]
[BlackElo "2380"]

1.Nf3 Nf6 2.c4 g6 3.Nc3 Bg7 4.e4 d6 5.d4 O-O 6.Be2 e5 7.O-O Nc6 8.d5 Ne7
9.Nd2 a5 10.a3 Nd7 11.Rb1 f5 12.b4 Kh8 13.f3 Ng8 14.Qc2 Ngf6 15.Nb5 axb4
16.axb4 Nh5 17.c5 Nf4 18.Rf2 Nf6 19.cxd6 cxd6 20.Qc7 Qxc7 21.Nxc7 Ra2 22.Bb2 fxe4
23.fxe4 Ng4 24.Bxg4 Bxg4 25.b5 Rc8 26.b6 Nd3 27.Nc4 Nxf2 28.Kxf2 Bf8 29.Ra1 Rxa1
30.Bxa1 Be7 31.h3 Rf8+ 32.Ke3 Bd1 33.Nb5 Bg5+ 34.Kd3 Rf2 35.Nbxd6 Bc2+ 36.Kc3 Kg8
37.g3 Kf8 38.Kb4 Be7 39.Kc3 Rg2 40.Bb2 Bb1 41.Nxb7 Bxe4 42.Nba5 Rxg3+ 43.Kd2 Rd3+
44.Ke2 Rxd5 45.Bxe5 Rb5 46.Bc7 Bc5 47.Nd2 Bg2 48.Nac4 Ke7 49.h4 Ke6 50.Kd3 Bd5
51.Kc3 Be7 52.Nb3 Bf6+ 53.Nd4+ Bxd4+ 54.Kxd4 Rb4  0-1

[Event "Porz op25"]
[Site "Porz"]
[Date "1990.??.??"]
[Round "?"]
[White "Zlatilov, Ivailo"]
[Black "Hogenacker, Jacques"]
[Result "1/2-1/2"]
[WhiteElo "2350"]
[BlackElo "2295"]

1.d4 Nf6 2.Nf3 g6 3.c4 Bg7 4.Nc3 O-O 5.e4 d6 6.Be2 e5 7.O-O Nc6 8.d5 Ne7
9.b4 a5 10.Ba3 axb4 11.Bxb4 Nd7 12.a4 h6 13.Nd2 f5 14.Nb5 Nc5 15.Bxc5 dxc5
16.Nb3 b6 17.a5 Bb7 18.axb6 cxb6 19.Nd2 Ba6 20.d6 Nc6 21.Nc7 Bb7 22.Nxa8 Bxa8
23.Nb3 fxe4 24.Qd5+ Kh7 25.Rxa8 Qxa8 26.Ra1 Na5 27.Nxa5 Qxd5 28.cxd5 bxa5
29.Rxa5 Rd8 30.Rxc5 Rxd6 31.Bd1 Rb6 32.Kf1 Rb4 33.Ke2 Rd4 34.Bb3 h5 35.Rc7 Kh6
36.Rc6 Bf8 37.Rc2 Kg5 38.Bc4 Kf5 39.Ba2 g5 40.h3 Bb4 41.Rb2 Bc3 42.Rc2 Bb4
43.Rb2  1/2-1/2

[Event "Prague Mladi op"]
[Site "Prague"]
[Date "1990.??.??"]
[Round "5"]
[White "Gleizerov, Evgeny"]
[Black "Zhelnin, Vladimir V"]
[Result "1/2-1/2"]
[WhiteElo "2470"]
[BlackElo "2335"]

1.d4 g6 2.e4 Bg7 3.Nf3 d6 4.c4 Nf6 5.Nc3 O-O 6.Be2 e5 7.O-O Nc6 8.d5 Ne7
9.Nd2 a5 10.a3 Bd7 11.Rb1 a4 12.b4 axb3 13.Nxb3 b6 14.Ra1 Ne8 15.a4 f5 16.a5 bxa5
17.Nxa5 Nf6 18.c5 fxe4 19.Nb7 Qc8 20.Rxa8 Qxa8 21.cxd6 cxd6 22.Nxd6 Nexd5
23.Bc4 Bc6 24.Nxd5 Bxd5 25.Bxd5+ Qxd5 26.Qxd5+ Nxd5  1/2-1/2

[Event "Prague Mladi op"]
[Site "Prague"]
[Date "1990.??.??"]
[Round "5"]
[White "Ulibin, Mikhail"]
[Black "Kupreichik, Viktor D"]
[Result "1-0"]
[WhiteElo "2500"]
[BlackElo "2490"]

1.d4 Nf6 2.c4 g6 3.Nc3 Bg7 4.e4 d6 5.Nf3 O-O 6.Be2 e5 7.O-O Nc6 8.d5 Ne7
9.Nd2 a5 10.a3 Bd7 11.Rb1 a4 12.b4 axb3 13.Nxb3 b6 14.Ra1 Ba4 15.Bd2 Kh8
16.Qc2 Neg8 17.Bd1 Bxb3 18.Qxb3 Bh6 19.Be1 Nd7 20.a4 Nc5 21.Qc2 Nf6 22.Bf3 Ne8
23.Nb5 f5 24.Bb4 Nb7 25.Ra3 Qd7 26.Rfa1 Na5 27.exf5 gxf5 28.Be2 Bg7 29.Rh3 Nf6
30.Raa3 Rf7 31.Bh5 Nxh5 32.Rxh5 Rf6 33.Bd2 c6 34.dxc6 Qxc6 35.Rah3 Qxc4 36.Rxh7+ Kg8
37.Qd1 Rc8 38.Bc3 Qb3 39.Qxb3+ Nxb3 40.R7h4 d5 41.f4 d4 42.Bb2 e4 43.Rxb3 d3
44.Kf1 Rfc6 45.Bxg7 Rc1+ 46.Kf2 R8c2+ 47.Kg3 d2 48.Kh3 d1=Q 49.Rg3 Rxg2 50.Rh8+ Kf7
51.Rxg2 Qf3+ 52.Rg3 Qf1+ 53.Kh4 Qxf4+ 54.Kh5 Rc2 55.Rf8+ Ke7 56.Kg6 Rc6+
57.Kh7 e3 58.Nd4 Rc3 59.Kg8 Kd7 60.Bf6 Rc7 61.Rd8+  1-0

[Event "Prague Mladi op"]
[Site "Prague"]
[Date "1990.??.??"]
[Round "6"]
[White "Ikonnikov, Vyacheslav"]
[Black "Temirbaev, Serik"]
[Result "1/2-1/2"]
[WhiteElo "2385"]
[BlackElo "2390"]

1.d4 Nf6 2.Nf3 g6 3.c4 Bg7 4.Nc3 O-O 5.e4 d6 6.Be2 e5 7.O-O Nc6 8.d5 Ne7
9.Ne1 Nd7 10.Be3 f5 11.f3 Nf6 12.c5 f4 13.Bf2 g5 14.a4 Ng6 15.a5 a6 16.cxd6 cxd6
17.Na4 g4 18.Nb6 Rb8 19.Nxc8 Rxc8 20.Bb6 Qe7 21.Rc1 g3 22.h3 Nd7 23.Bc7 Nf6  1/2-1/2

[Event "Prestwich"]
[Site "Prestwich"]
[Date "1990.??.??"]
[Round "3"]
[White "Burgess, Graham"]
[Black "Badea, Bela"]
[Result "0-1"]
[WhiteElo "2335"]
[BlackElo "2495"]

1.d4 Nf6 2.c4 g6 3.Nc3 Bg7 4.e4 d6 5.Nf3 O-O 6.Be2 e5 7.O-O Nc6 8.d5 Ne7
9.Ne1 Nd7 10.Be3 f5 11.f3 f4 12.Bf2 g5 13.b4 Nf6 14.c5 Ng6 15.cxd6 cxd6 16.Rc1 Rf7
17.a4 Bf8 18.a5 Bd7 19.Kh1 Rg7 20.Nb5 g4 21.Nxa7 g3 22.Bb6 Qe8 23.Rc7 gxh2
24.Rxb7 Nh5 25.Bf2 Be7 26.Rxd7 Qxd7 27.Bb5 Qc7 28.Nc6 Bh4 29.Nd3 Qf7 30.Ndxe5 dxe5
31.Nxe5 Qf6 32.Ng4 Qg5 33.Bd4 Ng3+ 34.Kxh2 Nxf1+ 35.Qxf1 Rf7 36.Nf2 Qh5 37.Nh3 Bf6
38.Bxf6 Rxf6 39.Bc6 Raf8 40.a6 Ne5 41.Bb7 Qh4 42.Qf2 Qxf2 43.Nxf2 Rb6 44.Nh3 Rxb4
45.Nxf4 Rxf4 46.a7 Rf8 47.a8=Q Rxa8 48.Bxa8 Rb8  0-1

[Event "Ptuj"]
[Site "Ptuj"]
[Date "1990.??.??"]
[Round "?"]
[White "Truta, Srecko"]
[Black "Podvrsnik, Marko"]
[Result "1-0"]
[WhiteElo "2255"]
[BlackElo "2310"]

1.d4 Nf6 2.c4 g6 3.Nc3 Bg7 4.e4 d6 5.Be2 O-O 6.Nf3 e5 7.O-O Nc6 8.d5 Ne7
9.Nd2 c5 10.dxc6 bxc6 11.b4 d5 12.a4 d4 13.Na2 Ne8 14.Ba3 f5 15.b5 Nd6 16.Bd3 Bh6
17.c5 Nxe4 18.Nxe4 fxe4 19.Bxe4 Rb8 20.Qb3+ Kh8 21.Qc4 Rf6 22.Nb4 Bb7 23.Qe2 Bg7
24.Bc1 h6 25.Ra3 a5 26.bxa6 Bc8 27.Bd2 Nd5 28.Bxd5 Rxb4 29.Bxb4 cxd5 30.Qxe5 Bxa6
31.Re1 Rxf2 32.Qe8+ Qxe8 33.Rxe8+ Rf8 34.Rxf8+ Bxf8 35.Rf3 Kg7 36.Rf4 d3
37.Kf2 Bc4 38.a5  1-0